Ambient Assisted Living (Запис № 449081)

МАРК-запис
000 -LEADER
fixed length control field 04137nam a22006615i 4500
001 - CONTROL NUMBER
control field 978-3-319-54283-6
003 - CONTROL NUMBER IDENTIFIER
control field DE-He213
005 - DATE AND TIME OF LATEST TRANSACTION
control field 20210118134853.0
007 - PHYSICAL DESCRIPTION FIXED FIELD--GENERAL INFORMATION
fixed length control field cr nn 008mamaa
008 - FIXED-LENGTH DATA ELEMENTS--GENERAL INFORMATION
fixed length control field 170407s2017 gw | s |||| 0|eng d
020 ## - INTERNATIONAL STANDARD BOOK NUMBER
International Standard Book Number 9783319542836
-- 978-3-319-54283-6
024 7# - OTHER STANDARD IDENTIFIER
Standard number or code 10.1007/978-3-319-54283-6
Source of number or code doi
050 #4 - LIBRARY OF CONGRESS CALL NUMBER
Classification number R856-857
050 #4 - LIBRARY OF CONGRESS CALL NUMBER
Classification number HC79.E5
050 #4 - LIBRARY OF CONGRESS CALL NUMBER
Classification number GE220
072 #7 - SUBJECT CATEGORY CODE
Subject category code MQW
Source bicssc
072 #7 - SUBJECT CATEGORY CODE
Subject category code TEC059000
Source bisacsh
072 #7 - SUBJECT CATEGORY CODE
Subject category code MQW
Source thema
082 04 - DEWEY DECIMAL CLASSIFICATION NUMBER
Classification number 610.28
Edition number 23
245 10 - TITLE STATEMENT
Title Ambient Assisted Living
Medium [electronic resource] :
Remainder of title Italian Forum 2016 /
Statement of responsibility, etc edited by Filippo Cavallo, Vincenzo Marletta, Andrea Monteriù, Pietro Siciliano.
250 ## - EDITION STATEMENT
Edition statement 1st ed. 2017.
264 #1 -
-- Cham :
-- Springer International Publishing :
-- Imprint: Springer,
-- 2017.
300 ## - PHYSICAL DESCRIPTION
Extent XVIII, 404 p. 141 illus.
Other physical details online resource.
336 ## -
-- text
-- txt
-- rdacontent
337 ## -
-- computer
-- c
-- rdamedia
338 ## -
-- online resource
-- cr
-- rdacarrier
347 ## -
-- text file
-- PDF
-- rda
490 1# - SERIES STATEMENT
Series statement Lecture Notes in Electrical Engineering,
Міжнародний стандартний серійний номер для назви серії (ISSN) 1876-1100 ;
Том/ позначення послідовності 426
505 0# - FORMATTED CONTENTS NOTE
Formatted contents note Care Models and Algorithms -- Enabling Technologies and Assistive Solutions -- Experiments, Evaluation and Lessons Learnt.
520 ## - SUMMARY, ETC.
Summary, etc This book documents the state of the art in the field of ambient assisted living (AAL), highlighting the impressive potential of novel methodologies and technologies to enhance well-being and promote active ageing. The coverage is wide ranging, with sections on assistive devices, elderly people monitoring, home rehabilitation, ICT solutions for AAL, living with chronic conditions, robotic assistance for the elderly, sensing technologies for AAL, and smart housing. The book comprises a selection of the best papers presented at the 7th Italian Forum on Ambient Assisted Living (ForitAAL 2016), which was held in Pisa, Italy, in June 2016 and brought together end users, technology teams, and policy makers to develop a consensus on how to improve provision for elderly and impaired people. Readers will find that the expert contributions offer clear insights into the ways in which the most recent exciti ng advances may be expected to assist in addressing the needs of the elderly and those with chronic conditions.
506 ## - RESTRICTIONS ON ACCESS NOTE
Terms governing access Available to subscribing member institutions only. Доступно лише організаціям членам підписки.
506 ## - RESTRICTIONS ON ACCESS NOTE
Standardized terminology for access restriction Online access from local network of NaUOA.
506 ## - RESTRICTIONS ON ACCESS NOTE
Standardized terminology for access restriction Online access with authorization at https://link.springer.com/
506 ## - RESTRICTIONS ON ACCESS NOTE
Standardized terminology for access restriction Онлайн-доступ з локальної мережі НаУОА.
506 ## - RESTRICTIONS ON ACCESS NOTE
Standardized terminology for access restriction Онлайн доступ з авторизацією на https://link.springer.com/
650 #0 - SUBJECT ADDED ENTRY--TOPICAL TERM
Topical term or geographic name as entry element Biomedical engineering.
650 #0 - SUBJECT ADDED ENTRY--TOPICAL TERM
Topical term or geographic name as entry element Robotics.
650 #0 - SUBJECT ADDED ENTRY--TOPICAL TERM
Topical term or geographic name as entry element Automation.
650 #0 - SUBJECT ADDED ENTRY--TOPICAL TERM
Topical term or geographic name as entry element Geriatrics.
650 14 - SUBJECT ADDED ENTRY--TOPICAL TERM
Topical term or geographic name as entry element Biomedical Engineering and Bioengineering.
-- http://scigraph.springernature.com/things/product-market-codes/T2700X
650 24 - SUBJECT ADDED ENTRY--TOPICAL TERM
Topical term or geographic name as entry element Robotics and Automation.
-- http://scigraph.springernature.com/things/product-market-codes/T19020
650 24 - SUBJECT ADDED ENTRY--TOPICAL TERM
Topical term or geographic name as entry element Geriatrics/Gerontology.
-- http://scigraph.springernature.com/things/product-market-codes/H33150
700 1# - ADDED ENTRY--PERSONAL NAME
Personal name Cavallo, Filippo.
Relator term editor.
Relator code edt
-- http://id.loc.gov/vocabulary/relators/edt
700 1# - ADDED ENTRY--PERSONAL NAME
Personal name Marletta, Vincenzo.
Relator term editor.
Relator code edt
-- http://id.loc.gov/vocabulary/relators/edt
700 1# - ADDED ENTRY--PERSONAL NAME
Personal name Monteriù, Andrea.
Relator term editor.
Relator code edt
-- http://id.loc.gov/vocabulary/relators/edt
700 1# - ADDED ENTRY--PERSONAL NAME
Personal name Siciliano, Pietro.
Relator term editor.
Relator code edt
-- http://id.loc.gov/vocabulary/relators/edt
710 2# - ADDED ENTRY--CORPORATE NAME
Corporate name or jurisdiction name as entry element SpringerLink (Online service)
773 0# - HOST ITEM ENTRY
Title Springer eBooks
776 08 - ADDITIONAL PHYSICAL FORM ENTRY
Display text Printed edition:
International Standard Book Number 9783319542829
776 08 - ADDITIONAL PHYSICAL FORM ENTRY
Display text Printed edition:
International Standard Book Number 9783319542843
776 08 - ADDITIONAL PHYSICAL FORM ENTRY
Display text Printed edition:
International Standard Book Number 9783319853628
830 #0 - SERIES ADDED ENTRY--UNIFORM TITLE
Uniform title Lecture Notes in Electrical Engineering,
-- 1876-1100 ;
Volume number/sequential designation 426
856 40 - ELECTRONIC LOCATION AND ACCESS
Uniform Resource Identifier <a href="https://doi.org/10.1007/978-3-319-54283-6">https://doi.org/10.1007/978-3-319-54283-6</a>
912 ## -
-- ZDB-2-ENG
942 ## - ADDED ENTRY ELEMENTS (KOHA)
Koha item type ЕКнига

Немає доступних примірників.